Statistiques concernant Taper de 100 à 1

Cliquez ici pour prendre le quiz!

Statistiques générales

  • Ce quiz a été pris 403 fois
  • Le résultat moyen est 55 sur 100

Statistiques - réponses

HintRéponse% Correct
V1
99%
T3
88%
U2
87%
R5
86%
Q6
86%
P7
86%
O8
86%
S4
85%
N9
84%
M10
83%
L11
75%
K12
75%
I14
72%
J13
71%
H15
71%
G16
71%
F17
71%
B21
71%
E18
70%
X25
70%
D19
69%
C20
69%
Z23
69%
Y24
69%
W26
69%
V27
69%
U28
69%
R31
69%
A22
68%
T29
68%
S30
68%
Q32
67%
O34
66%
N35
65%
M36
64%
L37
64%
H41
64%
I40
63%
K38
62%
J39
62%
F43
62%
D45
62%
P33
61%
G42
61%
E44
61%
B47
61%
T55
61%
C46
60%
A48
60%
Z49
60%
Y50
59%
V53
59%
U54
59%
X51
58%
W52
58%
S56
58%
R57
56%
Q58
54%
P59
54%
O60
52%
N61
50%
I66
49%
M62
48%
J65
48%
L63
47%
K64
46%
H67
45%
F69
43%
G68
42%
D71
41%
C72
41%
X77
41%
E70
40%
B73
39%
A74
39%
Z75
39%
W78
39%
Y76
38%
V79
36%
U80
35%
T81
33%
S82
32%
R83
31%
P85
31%
Q84
29%
O86
29%
B99
29%
A100
28%
M | N88
28%
I92
28%
E96
27%
J91
26%
H93
26%
G94
26%
K90
25%
F95
25%
D97
25%
C98
25%
L89
22%

Distribution des résultats

Percentile par nombre de réponses

% des personnes avec chaque résultat

Votre développement - résultats

Vous n’avez pas pris ce quiz